Tajikistan... or Turkmenistan - Statistics

General Stats
  • This quiz has been taken 527 times
    522 since last reset
  • The average score is 10 of 15
Answer Stats
Question Answer % Correct
Used to be part of the Soviet Union Both
92%
Borders China Tajikistan
91%
Its capital is Ashgabat Turkmenistan
88%
Borders the largest lake in Asia Turkmenistan
84%
Received its independence in 1991 Both
83%
Has an average elevation over 3,100 Tajikistan
81%
Its citizens are over 85% Muslim Both
77%
Is a Turkic country Turkmenistan
72%
Uses "manat" as its currency Turkmenistan
67%
Is one of the 15 driest nations on Earth, with an average of 206 mm or less Turkmenistan
66%
Speaks Russian Both
53%
Borders 4 countries Both
52%
Is a presidential republic Both
50%
A river flows through its capital city Tajikistan
42%
Accepts multiple currencies Tajikistan
41%
No matching quizzes found
Score Distribution
Percent of People with Each Score
Percentile by Number Answered
Your Score History
You have not taken this quiz since the last reset